| 000 | 00468nam a22001337a 4500 | ||
|---|---|---|---|
| 003 | SGT | ||
| 082 |
_a617.632 _bC25B |
||
| 100 | _aBhambhu, Chetna | ||
| 245 |
_aComparative evaluation of the efficacy of microneedling approach with a combination of Vitamin-C and Diode laser alone in the management of Gingival hyperpigmentation _bA split mouth study |
||
| 260 |
_aGurugram, Haryana _bSGT University _c2025 |
||
| 300 | _a84 | ||
| 650 | _aPeriodontology | ||
| 942 |
_2ddc _cTH |
||
| 999 |
_c31581 _d31581 |
||